[Event "Kesarovski Georgiev Memorial 4th"]
[Site "Sunny Beach"]
[Date "2005.09.19"]
[Round "4"]
[White "Dikov, Dian"]
[Black "Orev, Petar"]
[Result "0-1"]
[WhiteElo "2068"]
[BlackElo "2222"]
[PlyCount "116"]
[EventDate "2005.09.16"]
[EventType "swiss"]
[EventRounds "9"]
[EventCountry "BUL"]
[SourceTitle "CBM 108 Extra"]
[Source "ChessBase"]
[SourceDate "2005.11.04"]
[SourceVersion "1"]
[SourceVersionDate "2005.11.04"]
[SourceQuality "1"]

1. d4 Nf6 2. Nf3 g6 3. c4 Bg7 4. Nc3 d5 5. e3 0-0 6. h3 c5 7. Be2 cxd4 8. Nxd4 a6 9. 0-0 dxc4 10. Bxc4 b5 11. Be2 Qb6 12. Bf3 Ra7 13. Qb3 e5 14. Nde2 Be6 15. Nd5 Nxd5 16. Bxd5 Bxd5 17. Qxd5 Rd7 18. Qb3 Nc6 19. a3 Rc8 20. Nc3 Na5 21. Qa2 Nc4 22. Kh1 f5 23. e4 Qc6 24. f3 Bf8 25. Nd5 Rf7 26. Bg5 h6 27. Bh4 g5 28. Bg3 f4 29. Bf2 Bc5 30. Rac1 Qd6 31. b4 Bxf2 32. Rxf2 h5 33. a4 g4 34. axb5 axb5 35. Qb3 Ra8 36. Ra2 Rfa7 37. Rca1 Rxa2 38. Rxa2 Rxa2 39. Qxa2 gxf3 40. Qa8+ Kh7 41. Qb7+ Kh6 42. gxf3 Qe6 43. Qxb5 Qxh3+ 44. Kg1 Qg3+ 45. Kh1 Qxf3+ 46. Kg1 Qxe4 47. Qc6+ Qg6+ 48. Qxg6+ Kxg6 49. b5 Kf5 50. b6 Nd6 51. Kf2 e4 52. Ne7+ Kf6 53. Nc6 Nb7 54. Nd4 h4 55. Ne2 Ke5 56. Ng1 Nc5 57. Nh3 Kf5 58. Ng1 Kg4 0-1